Nâng cao chất lượng sinh hoạt đảng phát huy dân chủ trong hệ thống chính trị ở cơ sở
Trình bày các vấn đề lý luận cách mạng trong Đảng. Đổi mới phương thức lãnh đạo của Đảng ở cơ sở. Nâng cao chất lượng sinh hoạt Đảng ở cơ sở. Một số vấn đề về công tác hành chính - văn phòng cấp uỷ và cấp trên cơ sở...
Đã lưu trong:
| Príomhúdar: | |
|---|---|
| Formáid: | Leabhar |
| Teanga: | Undetermined |
| Foilsithe: |
Thành phố Hồ Chí Minh
Tổng hợp Thành phố Hồ Chí Minh
2013
|
| Ábhair: | |
| Clibeanna: |
Cuir Clib Leis
Gan Chlibeanna, Bí ar an gcéad duine leis an taifead seo a chlibeáil!
|
| Thư viện lưu trữ: | Trung tâm Học liệu Trường Đại học Cần Thơ |
|---|
| LEADER | 01107nam a2200217Ia 4500 | ||
|---|---|---|---|
| 001 | CTU_193122 | ||
| 008 | 210402s9999 xx 000 0 und d | ||
| 020 | |c 55000 | ||
| 082 | |a 324.2597075 | ||
| 082 | |b Kh452 | ||
| 100 | |a Hồ, Thanh Khôi | ||
| 245 | 0 | |a Nâng cao chất lượng sinh hoạt đảng phát huy dân chủ trong hệ thống chính trị ở cơ sở | |
| 245 | 0 | |c Hồ Thanh Khôi | |
| 260 | |a Thành phố Hồ Chí Minh | ||
| 260 | |b Tổng hợp Thành phố Hồ Chí Minh | ||
| 260 | |c 2013 | ||
| 520 | |a Trình bày các vấn đề lý luận cách mạng trong Đảng. Đổi mới phương thức lãnh đạo của Đảng ở cơ sở. Nâng cao chất lượng sinh hoạt Đảng ở cơ sở. Một số vấn đề về công tác hành chính - văn phòng cấp uỷ và cấp trên cơ sở | ||
| 650 | |a Communist parties,Đảng cộng sản | ||
| 650 | |z Vietnam,Việt Nam | ||
| 910 | |a Hải | ||
| 980 | |a Trung tâm Học liệu Trường Đại học Cần Thơ | ||